The life and works of Jose Rizal : (new general education curriculum compliant) / Remedios A. Sanches, Minsoware S. Bacolod, Najera R. Umpar. (Record no. 21568)

000 -LEADER
fixed length control field 00709nam a22001817a 4500
020 ## - INTERNATIONAL STANDARD BOOK NUMBER
ISBN 9786214271900
082 ## - DEWEY DECIMAL CLASSIFICATION NUMBER
Classification number 923.7
Item number Sa2117 2024
100 ## - MAIN ENTRY--AUTHOR NAME
Personal name Sanchez, Remedios A., author.
245 ## - TITLE STATEMENT
Title The life and works of Jose Rizal : (new general education curriculum compliant) / Remedios A. Sanches, Minsoware S. Bacolod, Najera R. Umpar.
260 ## - PUBLICATION, DISTRIBUTION, ETC. (IMPRINT)
Place of publication Quezon City :
Name of publisher Unlimited Books Library Services & Publishing Inc.,
Year of publication ©2024.
300 ## - PHYSICAL DESCRIPTION
Number of Pages xii, 216 pages :
Other physical details illustrations ; 26 cm.
500 ## - GENERAL NOTE
General note Includes bibliographical references.
650 ## - SUBJECT ADDED ENTRY--TOPICAL TERM
Topical Term Rizal, Jose, 1861-1896.
650 ## - SUBJECT ADDED ENTRY--TOPICAL TERM
Topical Term Heroes -- Philippines -- Biography.
700 ## - ADDED ENTRY--PERSONAL NAME
Personal name Bacolod, Minsoware S.
700 ## - ADDED ENTRY--PERSONAL NAME
Personal name Umpar, Najera R.
942 ## - ADDED ENTRY ELEMENTS (KOHA)
Koha item type Books
Holdings
Source of acquisition Permanent Location Date acquired Koha item type Collection code Accession Number Lost status Shelving location Withdrawn status Current Location Full call number
SchoolCagayan State University - Carig Library2025-12-04BooksFilipiniana011262 Filipiniana Section Cagayan State University - Carig Library923.7 Sa2117 2024
SchoolCagayan State University - Carig Library2025-12-04BooksFilipiniana011263 Filipiniana Section Cagayan State University - Carig Library923.7 Sa2117 2024
SchoolCagayan State University - Carig Library2025-12-04BooksFilipiniana011264 Filipiniana Section Cagayan State University - Carig Library923.7 Sa2117 2024

Cagayan State University University Library, Carig Campus
Tuguegarao City, Cagayan 3500 | www.csucarig.edu.ph

Powered by Koha